Computer science and technologics /
Salvato in:
| Altri autori: | |
|---|---|
| Natura: | Libro |
| Lingua: | inglese |
| Pubblicazione: |
Tokyo :
OHM,
1988
|
| Edizione: | 1.vyd. |
| Serie: | Japan annual reviews in electronics, computers and telecommunications
|
| Tags: |
Nessun Tag, puoi essere il primo ad aggiungerne!!
|
MARC
| LEADER | 00000nam a22000003a 4500 | ||
|---|---|---|---|
| 001 | stu5874 | ||
| 005 | 20150617225808.3 | ||
| 008 | 940516s1988----ja------------------eng-d | ||
| 040 | |a STU |b slo | ||
| 041 | 0 | |a eng | |
| 044 | |a ja | ||
| 080 | |a 681.3(058) | ||
| 100 | 1 | |a Kitagawa, T |4 com | |
| 245 | 1 | |a Computer science and technologics / |c Edit.: Kitagawa,T | |
| 250 | |a 1.vyd. | ||
| 260 | |a Tokyo : |b OHM, |c 1988 | ||
| 830 | 0 | |a Japan annual reviews in electronics, computers and telecommunications | |
| 996 | |c I*12GA3803 |l I |s A |a 24 |w stu5874_0001 | ||